Mélanges de drapeaux #3 - Statistiques

Statistiques générales
  • Ce quiz a été pris 63 fois
  • Le résultat moyen est 21 sur 32
Statistiques - réponses
Par images Réponse % Correct
Brésil
87%
Inde
85%
Iran
85%
Suisse
85%
Liban
84%
Chypre
82%
Colombie
82%
Luxembourg
82%
Géorgie
78%
Irak
78%
Norvège
78%
Japon
76%
Angola
75%
Cap-Vert
73%
Liberia
73%
Mozambique
71%
Niger
71%
Syrie
71%
Turkménistan
71%
Pakistan
69%
Tadjikistan
69%
Kosovo
67%
Ukraine
67%
Timor Oriental
47%
Algérie
44%
Soudan du Sud
44%
Estonie
42%
République démocratique du Congo
40%
Philippines
38%
Espagne
29%
Togo
18%
Israël
16%
Aucun quiz correspondant
Distribution des résultats
% des personnes avec chaque résultat
Percentile par nombre de réponses
Votre historique - résultats
Vous n’avez pas pris ce quiz